Manual de organización y métodos / Julián Carrasco Belinchón
Descripción Física:
v. ; 25 cm
MARC
| LEADER | 00000nam a2200000Ia 4500 | ||
|---|---|---|---|
| 001 | 14279 | ||
| 008 | 160829s1973 - xx 000 0 cat d | ||
| 080 | |a M-4-191 | ||
| 100 | |a Carrasco Belinchón, Julián |9 38417 | ||
| 245 | |a Manual de organización y métodos / Julián Carrasco Belinchón | ||
| 250 | |a 2a ed. | ||
| 260 | |a Madrid : |b Instituto de Estudios de Administración Local, |c 1973 - | ||
| 300 | |a v. ; |c 25 cm | ||
| 590 | |a Notes, referències bibliogràfiques. | ||
| 590 | |a Bibliografia. | ||
| 590 | |a Conté: v. 1 Funciones directivas | ||
| 650 | |a Administració local |x Direcció i administració |9 39191 | ||
| 650 | 0 | |a Empreses |x Direcció i administració |9 10980 | |
| 710 | 2 | |a Instituto de Estudios de Administración Local (Espanya) |9 54775 | |
| 901 | |a Arxiu | ||
| 942 | |n 1 | ||
| 952 | |0 0 |1 0 |4 0 |6 M4191 |7 1 |9 48420 |a Arxiu |b Arxiu |d 2016-12-01 |l 0 |o M-4-191 |p 14279 |r 2016-12-01 00:00:00 |w 2016-12-01 |y ARXIU | ||
| 999 | |c 52248 |d 52248 | ||